[Event "Olympiad-43"]
[Site "Batumi"]
[Date "2018.10.05"]
[Round "11.2"]
[White "Abdyjapar, Asyl"]
[Black "Al Masshani, Amer Said"]
[Result "1-0"]
[WhiteElo "2372"]
[BlackElo "2038"]
[PlyCount "63"]
[EventDate "2018.09.24"]
[EventType "team-swiss"]
[EventRounds "11"]
[EventCountry "GEO"]
[SourceTitle "CBM 187"]
[Source "ChessBase"]
[SourceDate "2018.12.11"]
[SourceVersion "1"]
[SourceVersionDate "2018.12.11"]
[SourceQuality "1"]
[WhiteTeam "Kyrgyzstan"]
[BlackTeam "Oman"]
[WhiteTeamCountry "KGZ"]
[BlackTeamCountry "OMN"]

1. d4 Nf6 2. c4 e6 3. Nc3 Bb4 4. Qc2 b6 5. e4 c5 6. e5 cxd4 7. a3 Bxc3+ 8. bxc3 Ng8 9. Qe4 Nc6 10. cxd4 Bb7 11. Nf3 Nge7 12. Qg4 Ng6 13. Bd3 d5 14. Be3 dxc4 15. Be4 Na5 16. Ng5 Qd7 17. h4 Ne7 18. Rh3 h5 19. Qf3 Nf5 20. d5 Bxd5 21. Rd1 Bxe4 22. Nxe4 Qc6 23. Rd6 Qb5 24. Nf6+ gxf6 25. Qxa8+ Ke7 26. Qxh8 Nxd6 27. Qxf6+ Kd7 28. exd6 Qb1+ 29. Ke2 Qd3+ 30. Kf3 Qd5+ 31. Kg3 Qxd6+ 32. Bf4 1-0

[Event "Olympiad-43"]
[Site "Batumi"]
[Date "2018.09.30"]
[Round "6.66"]
[White "Beukes, Dante M"]
[Black "Al Masshani, Amer Said"]
[Result "1-0"]
[WhiteElo "2155"]
[BlackElo "2038"]
[PlyCount "91"]
[EventDate "2018.09.24"]
[EventType "team-swiss"]
[EventRounds "11"]
[EventCountry "GEO"]
[SourceTitle "CBM 187"]
[Source "ChessBase"]
[SourceDate "2018.12.11"]
[SourceVersion "1"]
[SourceVersionDate "2018.12.11"]
[SourceQuality "1"]
[WhiteTeam "Namibia"]
[BlackTeam "Oman"]
[WhiteTeamCountry "NAM"]
[BlackTeamCountry "OMN"]

1. e4 c5 2. Nf3 Nc6 3. Bb5 g6 4. Bxc6 dxc6 5. d3 Bg7 6. h3 Nf6 7. Nc3 0-0 8. 0-0 e5 9. Nxe5 Nxe4 10. Nxe4 Bxe5 11. Nxc5 b6 12. Ne4 f5 13. Ng5 f4 14. Nf3 Bg7 15. d4 g5 16. Ne5 c5 17. Qf3 Ba6 18. Rd1 Qc7 19. Qc6 Qe7 20. Qd5+ Kh8 21. Nf3 Be2 22. Rd2 Bxf3 23. Qxf3 Bxd4 24. Re2 Qd7 25. c3 Bg7 26. Bd2 Rad8 27. Rae1 Qd3 28. Qh5 Qf5 29. Bc1 Bf6 30. Re4 Rd5 31. Qh6 Rdd8 32. Qh5 Qg6 33. Qxg6 hxg6 34. h4 Kg7 35. hxg5 Bxg5 36. b4 Rf5 37. bxc5 Rxc5 38. Bxf4 Bxf4 39. Rxf4 Rxc3 40. Re7+ Kh6 41. g3 Rd1+ 42. Kg2 Ra3 43. Rff7 Rxa2 44. Kh3 Kh5 45. Rh7+ Kg5 46. f4+ 1-0

[Event "Olympiad-43"]
[Site "Batumi"]
[Date "2018.09.27"]
[Round "4.55"]
[White "Al Masshani, Amer Said"]
[Black "Michael, Deng Khor Kuol"]
[Result "1-0"]
[WhiteElo "2038"]
[BlackElo "2000"]
[PlyCount "120"]
[EventDate "2018.09.24"]
[EventType "team-swiss"]
[EventRounds "11"]
[EventCountry "GEO"]
[SourceTitle "CBM 187"]
[Source "ChessBase"]
[SourceDate "2018.12.11"]
[SourceVersion "1"]
[SourceVersionDate "2018.12.11"]
[SourceQuality "1"]
[WhiteTeam "Oman"]
[BlackTeam "South Sudan"]
[WhiteTeamCountry "OMN"]
[BlackTeamCountry "SUD"]

1. e4 e5 2. Nc3 Nf6 3. Bc4 Bc5 4. d3 h6 5. Nf3 Nc6 6. a3 a5 7. 0-0 0-0 8. Be3 Bxe3 9. fxe3 d6 10. Qe1 Be6 11. Nd5 Nh7 12. Qg3 Ne7 13. Nh4 Nxd5 14. Bxd5 c6 15. Bxe6 fxe6 16. Ng6 Rf6 17. h4 Qd7 18. d4 exd4 19. exd4 Qf7 20. h5 Rd8 21. e5 dxe5 22. dxe5 Rxf1+ 23. Rxf1 Qd7 24. Qf3 a4 25. Kh2 Qc7 26. Qf4 b5 27. Kh1 Re8 28. Qb4 Qd8 29. Qf4 Ng5 30. b3 axb3 31. cxb3 Kh7 32. Qc1 Qd3 33. Qb1 Qxb1 34. Rxb1 Ne4 35. Kh2 Rd8 36. Rc1 c5 37. a4 c4 38. bxc4 bxa4 39. c5 a3 40. c6 a2 41. c7 Rc8 42. Rd1 Nf2 43. Ra1 Rxc7 44. Rxa2 Ng4+ 45. Kh3 Rc4 46. Ra8 Nf2+ 47. Kh2 Ng4+ 48. Kg3 Rc3+ 49. Kxg4 Rg3+ 50. Kf4 Rg4+ 51. Ke3 Re4+ 52. Kf2 Re2+ 53. Kf3 Re3+ 54. Kg4 Rg3+ 55. Kf4 Rf3+ 56. Ke4 Re3+ 57. Kd4 Rd3+ 58. Kc5 Rd5+ 59. Kc6 Rc5+ 60. Kd7 Rc7+ 1-0

[Event "Olympiad-43"]
[Site "Batumi"]
[Date "2018.09.24"]
[Round "1.51"]
[White "Laurusas, Tomas"]
[Black "Al Masshani, Amer Said"]
[Result "1-0"]
[WhiteElo "2484"]
[BlackElo "2038"]
[PlyCount "37"]
[EventDate "2018.09.24"]
[EventType "team-swiss"]
[EventRounds "11"]
[EventCountry "GEO"]
[SourceTitle "CBM 187"]
[Source "ChessBase"]
[SourceDate "2018.12.11"]
[SourceVersion "1"]
[SourceVersionDate "2018.12.11"]
[SourceQuality "1"]
[WhiteTeam "Lithuania"]
[BlackTeam "Oman"]
[WhiteTeamCountry "LTU"]
[BlackTeamCountry "OMN"]

1. Nf3 c5 2. c4 Nf6 3. Nc3 Nc6 4. d4 cxd4 5. Nxd4 g6 6. e4 Bg7 7. Be3 0-0 8. Be2 d6 9. 0-0 a5 10. Ndb5 Be6 11. f4 h5 12. h3 a4 13. f5 Bd7 14. fxg6 fxg6 15. Nxa4 Ne5 16. Nac3 Qc8 17. Rc1 Qc6 18. Nd5 Rf7 19. c5 1-0